[Event "BAN-chB (Women) 41st"]
[Site "Dhaka"]
[Date "2022.11.11"]
[Round "5"]
[White "Sonia, Akhter"]
[Black "Marzuka, Mukarrama"]
[Result "1-0"]
[WhiteElo "1221"]
[BlackElo "1121"]
[PlyCount "49"]
[EventDate "2022.11.07"]
[EventType "swiss"]
[EventRounds "8"]
[EventCountry "BAN"]
[SourceTitle "EXT 2024"]
[Source "ChessBase"]
[SourceDate "2023.10.10"]
[SourceVersion "1"]
[SourceVersionDate "2023.10.10"]
[SourceQuality "1"]

1. d4 c6 2. Bf4 d5 3. Nf3 Nf6 4. e3 Bg4 5. Nbd2 e6 6. Bd3 c5 7. 0-0 Be7 8. c3 0-0 9. Qc2 c4 10. Be2 a6 11. b3 b5 12. Bd1 h6 13. Ne5 Bxd1 14. Qxd1 Re8 15. Qf3 Qb6 16. Ng4 Nbd7 17. Nxh6+ gxh6 18. Bxh6 Kh7 19. Qh3 Rh8 20. Nf3 Rag8 21. Bf8+ Kg6 22. Qg3+ Kh5 23. Qh4+ Kg6 24. Qg5+ Kh7 25. Qh6# 1-0

[Event "BAN-ch (Women) 39th"]
[Site "Dhaka"]
[Date "2019.09.20"]
[Round "2"]
[White "Marzuka, Mukarrama"]
[Black "Kiswara, Shajrin Evana"]
[Result "0-1"]
[WhiteElo "1063"]
[BlackElo "1604"]
[PlyCount "82"]
[EventDate "2019.09.19"]
[EventType "swiss"]
[EventRounds "9"]
[EventCountry "BAN"]
[SourceTitle "CBM 195 Extra"]
[Source "ChessBase"]
[SourceDate "2020.05.31"]
[SourceVersion "1"]
[SourceVersionDate "2020.05.31"]
[SourceQuality "1"]

1. d4 d5 2. Nf3 Nf6 3. Bf4 e6 4. e3 Be7 5. c4 dxc4 6. Bxc4 0-0 7. Nc3 c6 8. 0-0 b5 9. Be2 Bb7 10. a3 a6 11. b4 Nbd7 12. h3 a5 13. Rb1 axb4 14. axb4 Ra3 15. Qd2 Qa8 16. Rfc1 Nd5 17. Bh2 Bxb4 18. Qd3 Bxc3 19. Rc2 Nb4 20. Qe4 Nf6 21. Qe5 Nxc2 22. Bd3 Nb4 23. Be4 Nxe4 24. Qxe4 c5 25. Qf4 Ra1 26. Bg3 Rxb1+ 27. Kh2 Qa1 28. Bh4 Bxf3 29. Qxf3 cxd4 30. exd4 Bxd4 31. g3 Qc3 32. Qg2 Rb2 33. g4 Be5+ 34. Bg3 Bxg3+ 35. Qxg3 Qxg3+ 36. Kxg3 Nd3 37. f3 Rc8 38. h4 Rf2 39. h5 Rcc2 40. Kh4 Rh2+ 41. Kg5 f6# 0-1

[Event "BAN-ch U20 Girls"]
[Site "Dhaka"]
[Date "2019.05.15"]
[Round "1"]
[White "Ahmed, Walijah"]
[Black "Marzuka, Mukarrama"]
[Result "1-0"]
[WhiteElo "1687"]
[BlackElo "1053"]
[PlyCount "67"]
[EventDate "2019.05.15"]
[EventType "swiss"]
[EventRounds "8"]
[EventCountry "BAN"]
[SourceTitle "EXT 2020"]
[Source "ChessBase"]
[SourceDate "2019.10.17"]
[SourceVersion "1"]
[SourceVersionDate "2019.10.17"]
[SourceQuality "1"]

1. e4 c6 2. d4 d5 3. Nc3 e6 4. Nf3 Nd7 5. Bd3 Ne7 6. 0-0 c5 7. Nb5 Ng6 8. exd5 exd5 9. Re1+ Be7 10. Nd6+ Kf8 11. Nf5 c4 12. Nxe7 Nxe7 13. Bf1 Nf6 14. b3 c3 15. Ba3 Be6 16. Ng5 Qd7 17. Qe2 h5 18. Nxe6+ fxe6 19. Qxe6 Qxe6 20. Rxe6 Re8 21. Rae1 Kf7 22. Rxe7+ Rxe7 23. Rxe7+ Kf8 24. Rxb7+ Ke8 25. Rb8+ Kf7 26. Rxh8 Ng8 27. Rxh5 Nf6 28. Re5 a5 29. Re7+ Kf8 30. Bd3 Ng8 31. Ra7+ Ne7 32. Rxe7 a4 33. Bg6 axb3 34. Re8# 1-0